Essentials of Medical Physiology: (Record no. 37120)

MARC details
000 -LEADER
fixed length control field 00543nam a22001937a 4500
005 - DATE AND TIME OF LATEST TRANSACTION
control field 20260421132810.0
008 - FIXED-LENGTH DATA ELEMENTS--GENERAL INFORMATION
fixed length control field 260420b |||||||| |||| 00| 0 eng d
020 ## - INTERNATIONAL STANDARD BOOK NUMBER
ISBN 978-93-5696-084-8
082 ## - DEWEY DECIMAL CLASSIFICATION NUMBER
Item number SEM-E
Classification number 612
100 ## - MAIN ENTRY--AUTHOR
Author Name K.Sembulingam
245 ## - TITLE STATEMENT
Title Essentials of Medical Physiology:
Remainder of title review of medical Physiology
250 ## - EDITION STATEMENT
Edition statement 9th.ed
260 ## - PUBLICATION, DISTRIBUTION, ETC.
Place of Publication Pakistan :
Name of publisher, distributor, etc. Zubair Book Depot ;
Date of publication, distribution, etc. 2023.
300 ## - PHYSICAL DESCRIPTION
Pages 948p. xxi
500 ## - GENERAL NOTE
General note Include Illustration.
650 ## - SUBJECT ADDED ENTRY--TOPICAL TERM
Subject / Department Medical / Physiology
700 ## - ADDED ENTRY--PERSONAL NAME
Personal name Prema Sembulingam
952 ## - LOCATION AND ITEM INFORMATION (KOHA)
-- 0
-- 0
952 ## - LOCATION AND ITEM INFORMATION (KOHA)
-- 0
-- 0
Holdings
Lost status Damaged status Collection code Permanent Location Current Location Shelving Location Date acquired Source of acquisition Full Call Number Accession No./Barcode Date last seen Copy number item type Koha item type
    Medical Superior Information Resource Center (SIRC) Superior University- Main Campus Superior Information Resource Center (SIRC) Superior University- Main Campus Physiology (D-L) 04/21/2026 Ownway Traders 612 SEM-E 2023 29801 04/21/2026 1 BOOK BOOK
    Medical Superior Information Resource Center (SIRC) Superior University- Main Campus Superior Information Resource Center (SIRC) Superior University- Main Campus Physiology (D-L) 04/21/2026 Ownway Traders 612 SEM-E 2023 29802 04/21/2026 2 BOOK BOOK

Powered by Koha